The character of kinship
Αποθηκεύτηκε σε:
| Άλλοι συγγραφείς: | |
|---|---|
| Μορφή: | Βιβλίο |
| Γλώσσα: | English |
| Δημοσίευση: |
Cambridge :
Cambridge University,
1979
|
| Θέματα: | |
| Ετικέτες: |
Προσθήκη ετικέτας
Δεν υπάρχουν, Καταχωρήστε ετικέτα πρώτοι!
|
MARC
| LEADER | 00000nam a2200000 i 4500 | ||
|---|---|---|---|
| 001 | 1/73096 | ||
| 008 | 950330s1975 eng d | ||
| 020 | |a 0-521-29002-3 | ||
| 035 | |l 10003157 | ||
| 040 | |a GR-MY-UA |b gre |e aacr | ||
| 041 | 0 | |a eng | |
| 082 | 0 | |a 306.8 | |
| 245 | 1 | 4 | |a The character of kinship / |c Edited by Jack Goody |
| 260 | |a Cambridge : |b Cambridge University, |c 1979 | ||
| 300 | |a 251 p. | ||
| 504 | |a Includes bibliographical references and index | ||
| 650 | 0 | 0 | |a Marriage. |
| 650 | 0 | 0 | |a Kinship. |
| 650 | 0 | 0 | |a Families. |
| 700 | 1 | |a Goody, Jack. |4 edt | |
| 852 | |a INST |b LESVOS |e 19950330 |h 306.8 CHA |p 005100001951 |q 005100001951 |t BK |y 0 | ||
| 852 | |a INST |b LESVOS |e 20231031 |h 306.8 CHA |p 005100065697 |q 005100065697 |t BK |y 0 | ||
| 909 | |a Λ |b 02875 | ||